| 000 | 01700nam a2200421 i 4500 | ||
|---|---|---|---|
| 001 | 195652 | ||
| 003 | SpMaBN | ||
| 005 | 20250816043443.0 | ||
| 007 | ta | ||
| 008 | 240701s2004 sp | o||| ||spa | ||
| 016 | 7 |
_abimoBNE20050499552 _2SpMaBN |
|
| 017 |
_aAS 4923-2004 _bOficina Depósito Legal Asturias _zAS 4924-2004 |
||
| 035 | _a(OCoLC)433603626 | ||
| 035 | _abimo0002043734 | ||
| 040 |
_aSpMaBN _bspa _cSpMaBN _erdc _dES-MaACL |
||
| 080 | _a7 Rodríguez, Ruth (083.824) | ||
| 100 | 1 |
_aRodríguez Flórez, Ruth _q _0XX1664075 _9237286 |
|
| 245 | 1 | 4 |
_aLos mil y un días : _b[Museo Barjola, Gijón] / _cRuth Rodríguez ; [textos, Ana María Fernández, Xandru Obaya] |
| 260 |
_a[Oviedo] : _bServicio de Publicaciones del Principado de Asturias, _c[2004] |
||
| 300 |
_a67, [3] p. : _bprincipalmente il. col. ; _c22 x 22 cm |
||
| 336 |
_2rdacontent _atexto |
||
| 337 |
_2rdamedia _asin mediación |
||
| 338 |
_2rdacarrier _avolumen |
||
| 500 | _aCatalogación provisional. Signatura: N 8709. Depósito J. | ||
| 546 | _aTexto en español e inglés | ||
| 600 | 0 |
_aRodríguez Flórez, Ruth _2embne _9237286 _q |
|
| 655 | 7 |
_2tgfbne _9193628 _aCatálogos de exposiciones |
|
| 700 | 1 |
_aFernández García, Ana María, _d1967- _9237288 |
|
| 700 | 1 |
_aObaya, Xandru _9237289 |
|
| 710 | 2 |
_aMuseo Juan Barjola _95886 |
|
| 852 |
_aES-MaACL _cDEPOJ _jN-8709 _hDonación: Editorial _9203850 _zEn proceso |
||
| 942 |
_n0 _cMONOGRAFIA |
||
| 999 |
_c195652 _d195652 |
||